| 000 | 00818nam a2200313 a 4500 | ||
|---|---|---|---|
| 003 | AR-BaBNM | ||
| 005 | 20251128210801.0 | ||
| 008 | 082120s2002 ||||||||||||||000 | spa|| | ||
| 020 | _a0-582-79847-7 | ||
| 040 | _cAR-BaBNM | ||
| 100 | 1 | _aKimbrough, Victoria | |
| 245 | 0 | 0 |
_aOdyssey _ba communicative course in english : teacher's manual. 3 |
| 250 | _a1ª ed. | ||
| 260 |
_aNew York _bLongman _c1984 |
||
| 300 |
_a132 p. _btablas, il. |
||
| 650 | 4 | _aENSEÑANZA DE IDIOMAS | |
| 650 | 4 | _aINGLES | |
| 650 | 4 | _aLENGUA EXTRANJERA | |
| 650 | 4 | _aACTIVIDADES DE APRENDIZAJE | |
| 650 | 4 | _aGRAMATICA | |
| 650 | 4 | _aGUIA DEL DOCENTE | |
| 650 | 4 | _aLIBROS DE TEXTO | |
| 650 | 4 | _aADOLESCENTES | |
| 653 | _aNIVEL MEDIO | ||
| 700 | 1 | _aByrne, Donn | |
| 700 | 1 | _aPalmer, Michael | |
| 942 | _cBK | ||
| 998 | _cRAQUEL | ||
| 999 |
_c16887 _d16887 |
||